00513nam a2200157Ia 4500008004100000082001600041100002300057245003800080250000900118260003000127300000800157650001700165942001200182952014600194999001500340150301s2014 xx 000 0 und d a618.2bM14B aBASKETT, THOMAS F. aMUNRO KERR'S OPERATIVE OBSTETRICS a12TH bSAUNDERSaEDINBURGHc2014 a293 aOBST. & GYNE 2ddccBK 00102ddc40718MEDICALaFMbFMcREFd2015-07-02eABC DELHIg3096.00iSGTUl0o618.2 M14BpFM7204r2015-07-02 00:00:00w2014-11-06yBKk4996 c6742d6742